000 00837cam a2200253 a 4500
005 20251009092907.0
020 _a0256115915
_cTZS 80,000 /=
040 _aMCCL.
_beng.
_eAACR 2nd rev.ed.
082 0 0 _a658.4012 BUS
245 0 0 _aBusiness policy :
_bmanaging strategic processes /
_cJoseph L. Bower...[ at all].
250 _a8th ed.
260 _aChicago :
_bIrwin,
_cc1995.
300 _axviii, 885 p. :
_bill., maps ;
_c25 cm.
504 _aIncludes bibliographical references and index.
546 _aeng.
650 0 _aCorporations
_zUnited States
650 0 _aIndustrial management
_zUnited States
700 1 _aBower, Joseph L.
700 1 _aBarlett, Christopher A.
700 1 _aUyterhoeven, Hugo E. R.
700 1 _a Walton, Richard E.
856 4 1 _uhttp://www.loc.gov/catdir/toc/mh041/95002575.html
942 _cBK
999 _c12357
_d12357